000 01159nam a2200277 c 4500
999 _c342487
_d342487
003 BLK
005 20191007132345.0
008 180911b bul|||||r ||||||| ||bul||
010 _a002126
040 _aBLK
041 _aBUL
_cBUL
080 _z323(497.2)
100 1 _aРАДОЛОВ, Александър
_eпърви автор
_9399293
245 0 0 _aРапорт до Ал. Стамболийски
_bКражбите в Нар. магазин. Убийството на Такев и журналиста Петков. Атентата в Одеон и редица други престъпления
260 _aСофия
_bКомисия за преглеждане архивите на бившите министри
_c1923
_fкооп. печ. Гутенберг
300 _a31 с
_c24 см
380 _a3
490 _aДружбашки режим
490 _aДокументи
490 _aЧастна колекция - Академик Михаил Арнаудов
_gДарение - Основен фонд
655 _aПолитика
_9396212
700 1 _aАл. Радолов
_9399294
852 _aМА 2869
942 _cKNG
_n0
_s1
944 _aCR
_c1994
999 _d342487